Skład Bayernu Monachium 2019/20 - Statystyki

Ogólne statystyki
  • Ten quiz został rozwiązany 390 razy
  • Średni wynik to 19 z 29
Statystyki odpowiedzi
Numer Kraj Odpowiedź % Poprawnych
9 Polska Lewandowski
99%
1 Niemcy Neuer
99%
27 Austria Alaba
92%
29 Francja Coman
90%
19 Kanada Davies
90%
17 Niemcy Boateng
89%
25 Niemcy Muller
89%
22 Niemcy Gnabry
87%
32 Niemcy Kimmich
87%
5 Francja Pavard
82%
6 Hiszpania Thiago
81%
21 Francja Hernandez
78%
14 Chorwacja Perisic
78%
18 Niemcy Goretzka
76%
4 Niemcy Sule
76%
8 Hiszpania Martinez
75%
10 Brazylia Coutinho
74%
24 Francja Tolisso
68%
26 Niemcy Ulreich
62%
2 Hiszpania Odriozola
43%
35 (Bayern II) Holandia Zirkzee
41%
9 (Bayern II) Niemcy Arp
36%
11 (Bayern II) Francja Cuisance
34%
33 (Bayern II) Polska Zylla
30%
36 (Bayern II) Niemcy Fruchtl
29%
28 (Bayern II) Nowa Zelandia Singh
27%
10 (Bayern II) Ghana Wriedt
17%
34 (Bayern II) Niemcy Batista Meier
14%
7 (Bayern II) Niemcy Dajaku
14%
Nie znaleziono quizów pasujących do podanych kryteriów
Rozkład punktacji
Procent ludzi z każdym wynikiem
Percentyl według liczby udzielonych odpowiedzi
Twoja historia wyników
Nie rozwiązałeś tego quizu